<?xml version="1.0" encoding="UTF-8"?>
<record
    xmlns:xsi="http://www.w3.org/2001/XMLSchema-instance"
    xsi:schemaLocation="http://www.loc.gov/MARC21/slim http://www.loc.gov/standards/marcxml/schema/MARC21slim.xsd"
    xmlns="http://www.loc.gov/MARC21/slim">

  <leader>00790nam a22001697a 4500</leader>
  <controlfield tag="005">20260307122814.0</controlfield>
  <datafield tag="010" ind1=" " ind2=" ">
    <subfield code="a">BACHN26</subfield>
  </datafield>
  <datafield tag="020" ind1=" " ind2=" ">
    <subfield code="a">9789348203663</subfield>
    <subfield code="c">795.00</subfield>
  </datafield>
  <datafield tag="037" ind1=" " ind2=" ">
    <subfield code="b">&#x92A;&#x94D;&#x930;&#x92D;&#x93E;&#x924; &#x90F;&#x917;&#x94D;&#x91C;&#x93E;&#x92E;</subfield>
  </datafield>
  <datafield tag="082" ind1=" " ind2=" ">
    <subfield code="a">000</subfield>
  </datafield>
  <datafield tag="100" ind1=" " ind2=" ">
    <subfield code="a">&#x936;&#x94D;&#x930;&#x940;&#x935;&#x93E;&#x938;&#x94D;&#x924;&#x935;, &#x935;&#x93F;&#x91C;&#x92F;</subfield>
    <subfield code="9">88116</subfield>
  </datafield>
  <datafield tag="245" ind1=" " ind2=" ">
    <subfield code="a">&#x90F;&#x928; &#x921;&#x940; &#x90F; /&#x90F;&#x928; &#x90F; &#x92A;&#x94D;&#x930;&#x935;&#x947;&#x936; &#x92A;&#x930;&#x940;&#x915;&#x94D;&#x937;&#x93E; 2025 &#x92E;&#x948;&#x925;&#x94D;&#x938; &#x92A;&#x947;&#x92A;&#x930; 1/</subfield>
    <subfield code="b">&#x935;&#x93F;&#x91C;&#x92F; &#x936;&#x94D;&#x930;&#x940;&#x935;&#x93E;&#x938;&#x94D;&#x924;&#x935;</subfield>
  </datafield>
  <datafield tag="260" ind1=" " ind2=" ">
    <subfield code="a">&#x928;&#x908; &#x926;&#x93F;&#x932;&#x94D;&#x932;&#x940;</subfield>
    <subfield code="b">&#x92A;&#x94D;&#x930;&#x92D;&#x93E;&#x924; &#x90F;&#x917;&#x94D;&#x91C;&#x93E;&#x92E; </subfield>
    <subfield code="c">2025</subfield>
  </datafield>
  <datafield tag="270" ind1=" " ind2=" ">
    <subfield code="a">4/19 &#x905;&#x938;&#x92B; &#x905;&#x932;&#x940; &#x930;&#x94B;&#x921; </subfield>
    <subfield code="b">&#x928;&#x908; &#x926;&#x93F;&#x932;&#x94D;&#x932;&#x940;</subfield>
    <subfield code="e">110002</subfield>
    <subfield code="k">23286555  </subfield>
  </datafield>
  <datafield tag="300" ind1=" " ind2=" ">
    <subfield code="a">784 &#x92A;&#x943;.</subfield>
    <subfield code="c">28&#x938;&#x947;&#x92E;&#x940; (&#x906;&#x91C;&#x93F;&#x932;&#x94D;&#x926;)</subfield>
  </datafield>
  <datafield tag="942" ind1=" " ind2=" ">
    <subfield code="2">ddc</subfield>
    <subfield code="c">HN</subfield>
    <subfield code="h">000</subfield>
    <subfield code="m">&#x936;&#x94D;&#x930;&#x940;&#x935;&#x93E;&#x938;&#x94D;&#x924;</subfield>
  </datafield>
  <datafield tag="999" ind1=" " ind2=" ">
    <subfield code="c">215353</subfield>
    <subfield code="d">215353</subfield>
  </datafield>
</record>
